000 01194nam a2200277 a 4500
001 79172
003 BD-RjUL
005 20220112161839.0
008 220111s1988 wj 000 0 ara d
035 _a(BD-RjUL)79172
040 _aNNL
_cBD-RjUL
_beng
041 0 _aara
082 _223
_a956.94
_bKAA 1988
100 1 _aكناعنه، شريف ;; ،Kanaana, Sharif,
_d1936-
_9708
245 1 2 _aعين حوض ;; ayn hawd /
_cشريف كناعنه [و]بسام الكعبي. ;; Sherif Kanaana wa Bassam Al Kaabi.
260 _aبير زيت : ;; bir zit :
_bجامعة بير زيت، مركز الوثائق والأبحاث، ;; jamieat bir zit, markaz alwathayiq wal'abhathi,
_c1988
300 _a285 ص.P
_bill. ;
_c24 cm
490 1 _aalquraa alfilastiniat almudamirat ; ; القرى الفلسطينية المدمرة ؛
_v1
650 4 _aVillages
_zIsrael
_zKarmel Coast
_xHistory
_9709
651 4 _aEn Hudh (Israel)
_9710
700 1 _aالكعبي، بسام
_9706
710 2 _aجامعة بير زيت.
_bمركز الوثائق والأبحاث
_9711
830 0 _aالقرى الفلسطينية المدمرة ؛
_v1.
942 _2ddc
_cBK
999 _c79172
_d79172